| 000 | 00674 a2200205 4500 | ||
|---|---|---|---|
| 020 | _a0387307699 | ||
| 020 | _a9780387307695 | ||
| 082 | 0 | 4 | _a515.35 |
| 090 |
_c1380 _d1380 |
||
| 100 | 1 | _aChicone, Carmen. | |
| 245 | 1 | 0 |
_aOrdinary differential equations with applications / _cCarmen Chicone. |
| 250 | _a2nd ed. | ||
| 260 |
_a[S.l.] : _bSpringer, _c2006. |
||
| 300 |
_a658 p. ; _c24 cm. |
||
| 490 | 1 | _aTexts in applied mathematics. | |
| 700 | _aChicone, Carmen. | ||
| 830 | 0 | _aTexts in applied mathematics. | |
| 942 |
_aSNS _cBK _k515.35 CHI |
||
| 999 |
_c29992 _d29992 |
||